000
00265nam a2200109Ia 4500
008
220204s9999 xx 000 0 und d
082
_a
82-3
_b
BON
100
_a
Ruskin
245
2
_a
A Girl from Copenhagen
260
_a
New Delhi
_b
India Paperbacks
_c
1977
942
_c
BK
999
_c
29072
_d
29072